Obsada filmu "Ziemia Obiecana" - Statystyki

Ogólne statystyki
  • Ten quiz został rozwiązany 10 razy
  • Średni wynik to 8 z 13
Statystyki odpowiedzi
Rola Aktor % Poprawnych
Maks Baum Andrzej Seweryn
100%
Mada Muller Bożena Dykiel
88%
Karol Borowiecki Daniel Olbrychski
88%
Ojciec Mady Franciszek Pieczka
88%
Moryc Welt Wojciech Pszoniak
88%
Anka Anna Nehrebecka
75%
Zuckerowa Kalina Jędrusik
75%
Kessler Zbigniew Zapasiewicz
50%
Bucholtz Andrzej Szalawski
38%
Zucker Jerzy Nowak
38%
Kaczmarek, nabywca Kurowa Zdzisław Kuźniar
25%
Trawiński Andrzej Łapicki
13%
Ojciec Karola Tadeusz Białoszczyński
0%
Nie znaleziono quizów pasujących do podanych kryteriów
Rozkład punktacji
Procent ludzi z każdym wynikiem
Percentyl według liczby udzielonych odpowiedzi
Twoja historia wyników
Nie rozwiązałeś tego quizu